000 01170nam a22002537a 4500
005 20121010141910.0
008 121010t xxu||||| |||| 00| 0 mar d
010 _aMAR-22883
020 _c120.00
035 _aMR-15541
037 _bDBAD/PUB
040 _aDPL
_bMR
082 _a891.46301
100 _953016
_aपाटील, गुणवंत
245 _aभरळ /
_cगुणवंत पाटील
246 _aBharal
_bby Gunvant Patil
260 _aपुणे
_bअक्षर मानव प्रकाशन
_c2012
270 _bपुणे
_a959,पवनपुत्र,दुसरा मजला,शिवाजी रस्त,राष्ट्रभूषण चौक,शुक्रवार पेठ,
_e411002
300 _a143पृ
_c21सेमी(अजिल्द)
650 _aमराठी कथासंग्रह
_954447
650 _aMarathi Short Stories
_954448
942 _2ddc
_cMR
_mपाटील
_h891.46301
999 _c72317
_d72317